Szczegóły MARC21

Nowe koncepcje w nauce o marketingu i rynkach : Księga Jubileuszowa dedykowana Profesorowi Leszkowi Żabińskiemu /

003 -Nazwa inst., której nr kontr. jest w polu 001 [,]
    • @
    • Nazwa instytucji, której n kontrolny jest w polu 001
    • NUKAT
005 -DATA I CZAS OSTATNIEJ MODYFIKACJI [,]
    • @
    • pole kontrolne
    • 20241231094821.0
020 -Międzynarod. znormalizowany nr książki - ISBN [ , ]
    • a
    • Numer ISBN
    • 9788378754770 Find
020 -Międzynarod. znormalizowany nr książki - ISBN [ , ]
    • a
    • Numer ISBN
    • 9788378754787 Find
    • q
    • Dopowiedzenie
    • e-ISBN
040 -Instytucja sporządzająca opis [ , ]
    • a
    • Instytucja, która sporządziła opis (NP)
    • KR 7/HT
    • b
    • Język katalogowania
    • pol
    • e
    • Zasady katalogowania
    • rda
    • c
    • Instytucja, która sporządziła rekord (NP)
    • KR 7/HTs
    • d
    • Instytucja, która zmodyfikowała rekord (P)
    • KR 7/AK
    • d
    • Instytucja, która zmodyfikowała rekord (P)
    • KAT 001/ASU
    • d
    • Instytucja, która zmodyfikowała rekord (P)
    • WA 14/MBs
942 -Rodzaj dokumentu [ , ]
    • c
    • Rodzaj dokumentu
    • Książka
245 -Strefa tytułu i oznaczenia odpowiedzialności [0,0]
    • a
    • Tytuł
    • Nowe koncepcje w nauce o marketingu i rynkach : Find
    • b
    • Ciąg dalszy tytułu (NP)
    • Księga Jubileuszowa dedykowana Profesorowi Leszkowi Żabińskiemu / Find
    • c
    • Pozostałe elementy strefy tytułu i oznaczenia odpowiedzialności (NP)
    • redakcja naukowa Katarzyna Żyminkowska.
260 -Strefa adresu wydawniczego [ , ]
    • a
    • Miejsce wydania (P)
    • Katowice :
    • b
    • Nazwa wydawcy (P)
    • Wydawnictwo Uniwersytetu Ekonomicznego,
    • c
    • Data wydania (P)
    • 2018.
300 -Strefa opisu fizycznego [ , ]
    • a
    • Określenie formy książki i/lub objętość (NP)
    • 258 stron :
    • b
    • Oznaczenie ilustracji (NP)
    • ilustracje (w tym kolorowe) ;
    • c
    • Format (NP)
    • 24 cm.
336 -Typ zawartości [ , ]
    • a
    • Termin opisujący typ zawartości
    • Tekst
    • b
    • Kod określający zawartość
    • txt
    • 2
    • Źródło (terminu i kodu)
    • rdacontent
337 -Typ mediów [ , ]
    • a
    • Tryb odtwarzania
    • Bez urządzenia pośredniczącego
    • b
    • Kod typu mediów
    • n
    • 2
    • Źródło (terminu i kodu)
    • rdamedia
338 -Typ/rodzaj nośnika [ , ]
    • a
    • Hasło opisujące typ nośnika
    • Wolumin
    • b
    • Kod typu nośnika
    • nc
    • 2
    • Źródło (terminu i kodu)
    • rdacarrier
380 -Deskryptor - Forma dzieła (P) [ , ]
    • a
    • forma dzieła (NP)
    • Książki
380 -Deskryptor - Forma dzieła (P) [ , ]
    • a
    • forma dzieła (NP)
    • Publikacje naukowe
388 -Deskryptor - czas powstania dzieła (P) [1, ]
    • a
    • Czas powstania dzieła (NP)
    • 2001-
490 -Strefa serii i książki wielotomowej - forma nie do wyszukiwania [1, ]
    • a
    • Tytuł (P)
    • Praca Naukowa Find
830 -Hasło dodatkowe serii i opisu książki wielotomowej - tytuł ujednolicony/tytuł [ ,0]
    • a
    • Tytuł ujednolicony/tytuł (NP)
    • Prace Naukowe - Uniwersytet Ekonomiczny w Katowicach
    • 9
    • KHW
    • 24431
504 -Uwaga dot. bibliogr. załącznikowej [ , ]
    • a
    • Uwaga dot. bibliografii załącznikowej
    • Bibliografia przy rozdziałach.
504 -Uwaga dot. bibliogr. załącznikowej [ , ]
    • a
    • Uwaga dot. bibliografii załącznikowej
    • Wykaz publikacji prof. dr. hab. Leszka Żabińskiego na stronach 16-43.
536 -Uwaga dot. finansowania książki [ , ]
    • a
    • Tekst uwagi
    • Praca finansowana przez Narodowe Centrum Nauki w ramach projektu
    • d
    • Numer programu, zadania, pracy
    • 2014/13/B/HS4/01614.
600 -Hasło przedmiotowe w formie nazwy osobowej [1,7]
    • a
    • Nazwa osobowa
    • Żabiński, Leszek
    • v
    • Określnik formalny
    • bibliografia.
    • 2
    • Źródło terminu
    • kaba
    • 9
    • KHW
    • 482033
600 -Hasło przedmiotowe w formie nazwy osobowej [1,7]
    • a
    • Nazwa osobowa
    • Żabiński, Leszek
    • v
    • Określnik formalny
    • księgi pamiątkowe.
    • 2
    • Źródło terminu
    • kaba
    • 9
    • KHW
    • 482032
600 -Hasło przedmiotowe w formie nazwy osobowej [1,7]
    • a
    • Nazwa osobowa
    • Żabiński, Leszek
    • d
    • Daty związane z nazwą
    • (1947-2019)
    • 2
    • Źródło terminu
    • DBN
650 -Hasło przedmiotowe [ ,7]
    • a
    • Hasło przedmiotowe
    • Marketing.
    • 2
    • Źródło terminu
    • kaba
    • 9
    • KHW
    • 118385
650 -Hasło przedmiotowe [ ,7]
    • a
    • Hasło przedmiotowe
    • Rynek (ekonomia).
    • 2
    • Źródło terminu
    • kaba
    • 9
    • KHW
    • 482031
650 -Hasło przedmiotowe [ ,7]
    • a
    • Hasło przedmiotowe
    • Marketing
    • x
    • Określnik rzeczowy
    • zarządzanie.
    • 2
    • Źródło terminu
    • kaba
    • 9
    • KHW
    • 118384
650 -Hasło przedmiotowe [ ,7]
    • a
    • Hasło przedmiotowe
    • Konsumpcja (ekonomia).
    • 2
    • Źródło terminu
    • kaba
    • 9
    • KHW
    • 115123
650 -Hasło przedmiotowe [ ,7]
    • a
    • Hasło przedmiotowe
    • Marketing
    • 2
    • Źródło terminu
    • DBN
    • 9
    • KHW
    • 723964
650 -Hasło przedmiotowe [ ,7]
    • a
    • Hasło przedmiotowe
    • Rynek (ekonomia)
    • 2
    • Źródło terminu
    • DBN
    • 9
    • KHW
    • 729474
651 -Hasło przedmiotowe w formie nazwy geograficznej [ ,7]
    • a
    • Nazwa geograficzna
    • Katowice (woj. śląskie)
    • 2
    • Źródło terminu
    • DBN
    • 9
    • KHW
    • 721672
655 -Hasło w funkcji tematu formalnego [ ,7]
    • a
    • Hasło
    • Księga pamiątkowa
    • 2
    • Źródło terminu
    • DBN
    • 9
    • KHW
    • 721471
655 -Hasło w funkcji tematu formalnego [ ,7]
    • a
    • Hasło
    • Praca zbiorowa
    • 2
    • Źródło terminu
    • DBN
    • 9
    • KHW
    • 721444
658 -Ujęcie treści [ , ]
    • a
    • dziedzina nauki i sztuki/ sfera aktywności życiowej
    • Zarządzanie i marketing
700 -Hasło dodatkowe - nazwa osobowa [1, ]
    • a
    • Nazwa osobowa (NP)
    • Żyminkowska, Katarzyna. Find
    • e
    • Określenie rodzaju współpracy
    • Redakcja
    • 9
    • KHW
    • 67741
710 -Hasło dodatkowe - nazwa ciała zbiorowego [2, ]
    • a
    • Nazwa ciała zbiorowego lub nazwa geograficzna jako pierwszy element (NP)
    • Uniwersytet Ekonomiczny (Katowice).
    • b
    • Nazwa jednostki podrzędnej (P)
    • Wydawnictwo.
    • e
    • Rodzaj współpracy
    • Wydawca
    • 4
    • Kod relacji
    • pbl
    • 9
    • KHW
    • 52856
920 -ISBN [ , ]
    • a
    • ISBN
    • 978-83-7875-477-0 Find
920 -ISBN [ , ]
    • a
    • ISBN
    • 978-83-7875-478-7 Find
    • q
    • Dopowiedzenie
    • e-ISBN
Lokalizacja Data inwentaryzacji Numer inwentarzowy Status udost.
BE2019-03-07E.78931-2